banner-ar

"KEW; THE HISTORY OF ROYAL BOTAIC GARDENS" / (Record no. 14110)

MARC details
000 -الفاتح
حقل البيانات ثابتة الطول 00476nam a2200169Ia 4500
008 - عناصر البيانات ثابتة الطول - معلومات عامة
حقل البيانات ثابتة الطول 140319s9999 xx 000 0 eng d
040 ## - مصدر الفهرسة
وكالة الفهرسة الأصلية GCL /
وكالة النسخ GCL
082 04 - رقم تصنيف ديوى العشرى
رقم التصنيف 580.74440
رقم المادة D K
100 1# - المدخل الرئيسى - إسم شخصى
الإسم الشخصى DESMOND, RAY
245 10 - بيان العنوان
العنوان "KEW; THE HISTORY OF ROYAL BOTAIC GARDENS" /
بيان المسئوليه,etc DESMOND, RAY
260 ## - PUBLICATION, DISTRIBUTION, ETC. (IMPRINT)
تاريخ النشر أو التوزيع 1995
650 04 - المدخل الاضافى بالموضوع-مصطلح موضوعى
مصطلح موضوعي BOTANICAL CHEMISTRY
650 04 - المدخل الاضافى بالموضوع-مصطلح موضوعى
مصطلح موضوعي BOTANICAL GARDENS
650 04 - المدخل الاضافى بالموضوع-مصطلح موضوعى
مصطلح موضوعي BOTANICAL GARDENS - ENGLAND
942 ## - عناصر المدخل الإضافي( كوها)
مصدر التصنيف او مخطط الترفيف Dewey Decimal Classification
Koha [default] item type كتاب
260 ## - PUBLICATION, DISTRIBUTION, ETC. (IMPRINT)
-- [S.N] :
-- HAVRILL PRESS ،
Holdings
حالة التراجع حالة الفقد حالة تلف ليس للاعارة المكان المؤقت الموقع الحالى تاريخ الاكتساب اجمالي اﻻعارات رقم الطلب الباركود تاريخ اخر مشاهدة تاريخ تفعيل السعر نوع وعاء كوها
        مكتبة القاهرة الكبرى مكتبة القاهرة الكبرى 03/26/2014   580.74440\D K 26587 03/26/2014 03/26/2014 كتاب

Powered By

EGPV